000 00528nam a2200193Ia 4500
001 47571
008 140429s9999 xx 000 0 und d
020 _aNA
040 _cPK-LaUMT
082 _aRHC 891.4393092
_bMUM-K
100 _aMumtaz Hussain
245 _aKhatija Mastoor bahasiyyat novel nigaar (Urdu)
_cMumtaz Hussain<>Abdul Haq Hasrat
260 _aDehli,India:
_bEducational Publishing House,
_c1988
300 _a31 p.
546 _aUR
650 _aUrdu literature
700 _aAbdul Haq Hasrat
942 _cBK
999 _c45491
_d45491